000 00580nam a2200157Ia 4500
999 _c7201
_d7201
003 OSt
005 20190716085557.0
008 151021s9999 xx 000 0 und d
040 _aMMU
_beng
_cMMU
_dMMU
050 _aHF5635 .K38 1992
245 _aKATC Revision Kit :
_bBusiness Studies Subject No. 2 With Extensive examination test questions and Answers Five Mock Examination Questions and Model Answers /
260 _aNairobi :
_bStrathmore University Distance Learning Centre,
_c1992
300 _axiii, 154 p.:
_bill.;
650 _aBusiness Studies
942 _2lcc
_cLOAN LOAN